<?xml version="1.0" encoding="UTF-8"?>
<record
    xmlns:xsi="http://www.w3.org/2001/XMLSchema-instance"
    xsi:schemaLocation="http://www.loc.gov/MARC21/slim http://www.loc.gov/standards/marcxml/schema/MARC21slim.xsd"
    xmlns="http://www.loc.gov/MARC21/slim">

  <leader>02772nam2a22003251  4500</leader>
  <controlfield tag="001">v19\rc\1230435</controlfield>
  <controlfield tag="005">20250620051739.0</controlfield>
  <datafield tag="035" ind1=" " ind2=" ">
    <subfield code="a">(NLR Aleph) 005187965</subfield>
  </datafield>
  <datafield tag="090" ind1=" " ind2=" ">
    <subfield code="a">5183557</subfield>
    <subfield code="c">5183557</subfield>
  </datafield>
  <datafield tag="100" ind1=" " ind2=" ">
    <subfield code="a">20060306d1884    |||y0rusy50      ca</subfield>
  </datafield>
  <datafield tag="101" ind1="0" ind2=" ">
    <subfield code="a">rus</subfield>
  </datafield>
  <datafield tag="102" ind1=" " ind2=" ">
    <subfield code="a">RU</subfield>
  </datafield>
  <datafield tag="105" ind1=" " ind2=" ">
    <subfield code="a">y   z   |||||</subfield>
  </datafield>
  <datafield tag="200" ind1="1" ind2=" ">
    <subfield code="a">[&#x414;&#x43E;&#x43D;&#x435;&#x441;&#x435;&#x43D;&#x438;&#x44F; &#x444;&#x440;&#x430;&#x43D;&#x446;&#x443;&#x437;&#x441;&#x43A;&#x43E;&#x433;&#x43E; &#x43A;&#x43E;&#x43D;&#x441;&#x443;&#x43B;&#x430; &#x432; &#x41F;&#x435;&#x442;&#x435;&#x440;&#x431;&#x443;&#x440;&#x433;&#x435; &#x41B;&#x430;&#x432;&#x438; &#x438; &#x43F;&#x43E;&#x43B;&#x43D;&#x43E;&#x43C;&#x43E;&#x447;&#x43D;&#x43E;&#x433;&#x43E; &#x43C;&#x438;&#x43D;&#x438;&#x441;&#x442;&#x440;&#x430; &#x43F;&#x440;&#x438; &#x440;&#x443;&#x441;&#x441;&#x43A;&#x43E;&#x43C; &#x434;&#x432;&#x43E;&#x440;&#x435; &#x41A;&#x430;&#x43C;&#x43F;&#x440;&#x435;&#x434;&#x43E;&#x43D;&#x430; &#x441; 1719 &#x43F;&#x43E; 1722 &#x433;.]</subfield>
  </datafield>
  <datafield tag="210" ind1=" " ind2=" ">
    <subfield code="d">1884</subfield>
    <subfield code="a">&#x411;. &#x43C;.</subfield>
  </datafield>
  <datafield tag="215" ind1=" " ind2=" ">
    <subfield code="a">[4], XIV, 498, LXXXII &#x441;.</subfield>
  </datafield>
  <datafield tag="225" ind1="1" ind2=" ">
    <subfield code="a">...</subfield>
    <subfield code="v">&#x422;. 40</subfield>
  </datafield>
  <datafield tag="327" ind1="0" ind2=" ">
    <subfield code="a">&#x421;. I-LXXXII: "&#x417;&#x430;&#x43F;&#x438;&#x441;&#x43A;&#x430; &#x43E; &#x441;&#x43D;&#x43E;&#x448;&#x435;&#x43D;&#x438;&#x44F;&#x445; &#x43C;&#x435;&#x436;&#x434;&#x443; &#x424;&#x440;&#x430;&#x43D;&#x446;&#x438;&#x435;&#x439; &#x438; &#x420;&#x43E;&#x441;&#x441;&#x438;&#x435;&#x44E; &#x432; &#x446;&#x430;&#x440;&#x441;&#x442;&#x432;&#x43E;&#x432;&#x430;&#x43D;&#x438;&#x435; &#x41F;&#x435;&#x442;&#x440;&#x430; I, &#x441;&#x43E;&#x441;&#x442;&#x430;&#x432;&#x43B;&#x435;&#x43D;&#x43D;&#x43E;&#x435; &#x432; 1726 &#x433;. &#x41B;&#x435;&#x434;&#x440;&#x430;&#x43D;&#x43E;&#x43C; &#x441;&#x442;&#x430;&#x440;&#x448;&#x438;&#x43C; &#x447;&#x438;&#x43D;&#x43E;&#x432;&#x43D;&#x438;&#x43A;&#x430;&#x43C; &#x414;&#x435;&#x43F;&#x430;&#x440;&#x442;&#x430;&#x43C;&#x435;&#x43D;&#x442;&#x430; &#x438;&#x43D;&#x43E;&#x441;&#x442;&#x440;&#x430;&#x43D;&#x43D;&#x44B;&#x445; &#x434;&#x435;&#x43B; 1719-1722"</subfield>
  </datafield>
  <datafield tag="461" ind1=" " ind2="0">
    <subfield code="1">001v19\rc\1230433</subfield>
    <subfield code="1">2001#$a[&#x414;&#x438;&#x43F;&#x43B;&#x43E;&#x43C;&#x430;&#x442;&#x438;&#x447;&#x435;&#x441;&#x43A;&#x430;&#x44F; &#x43F;&#x435;&#x440;&#x435;&#x43F;&#x438;&#x441;&#x43A;&#x430; &#x444;&#x440;&#x430;&#x43D;&#x446;&#x443;&#x437;&#x441;&#x43A;&#x438;&#x445; &#x43F;&#x43E;&#x441;&#x43B;&#x430;&#x43D;&#x43D;&#x438;&#x43A;&#x43E;&#x432; &#x438; &#x430;&#x433;&#x435;&#x43D;&#x442;&#x43E;&#x432; &#x43F;&#x440;&#x438; &#x440;&#x443;&#x441;&#x441;&#x43A;&#x43E;&#x43C; &#x434;&#x432;&#x43E;&#x440;&#x435;$e&#x421;&#x43E;&#x43E;&#x431;&#x449;. &#x438;&#x437; &#x430;&#x440;&#x445;&#x438;&#x432;&#x430; &#x41C;-&#x432;&#x430; &#x438;&#x43D;&#x43E;&#x441;&#x442;&#x440;. &#x434;&#x435;&#x43B; &#x432; &#x41F;&#x430;&#x440;&#x438;&#x436;&#x435;. 1-13]$v[2]</subfield>
    <subfield code="9">3335477</subfield>
    <subfield code="c">&#x421;&#x430;&#x43D;&#x43A;&#x442;-&#x41F;&#x435;&#x442;&#x435;&#x440;&#x431;&#x443;&#x440;&#x433;</subfield>
    <subfield code="d">1881-1899</subfield>
    <subfield code="n">&#x442;&#x438;&#x43F;. &#x410;&#x43A;&#x430;&#x434;. &#x43D;&#x430;&#x443;&#x43A;</subfield>
    <subfield code="o">&#x421;&#x43E;&#x43E;&#x431;&#x449;. &#x438;&#x437; &#x430;&#x440;&#x445;&#x438;&#x432;&#x430; &#x41C;-&#x432;&#x430; &#x438;&#x43D;&#x43E;&#x441;&#x442;&#x440;. &#x434;&#x435;&#x43B; &#x432; &#x41F;&#x430;&#x440;&#x438;&#x436;&#x435;. 1-13]</subfield>
    <subfield code="p">13 &#x442;.</subfield>
    <subfield code="t">[&#x414;&#x438;&#x43F;&#x43B;&#x43E;&#x43C;&#x430;&#x442;&#x438;&#x447;&#x435;&#x441;&#x43A;&#x430;&#x44F; &#x43F;&#x435;&#x440;&#x435;&#x43F;&#x438;&#x441;&#x43A;&#x430; &#x444;&#x440;&#x430;&#x43D;&#x446;&#x443;&#x437;&#x441;&#x43A;&#x438;&#x445; &#x43F;&#x43E;&#x441;&#x43B;&#x430;&#x43D;&#x43D;&#x438;&#x43A;&#x43E;&#x432; &#x438; &#x430;&#x433;&#x435;&#x43D;&#x442;&#x43E;&#x432; &#x43F;&#x440;&#x438; &#x440;&#x443;&#x441;&#x441;&#x43A;&#x43E;&#x43C; &#x434;&#x432;&#x43E;&#x440;&#x435;</subfield>
    <subfield code="v">[2]</subfield>
  </datafield>
  <datafield tag="464" ind1=" " ind2="0">
    <subfield code="1">2001#$a&#x417;&#x430;&#x43F;&#x438;&#x441;&#x43A;&#x430; &#x43E; &#x441;&#x43D;&#x43E;&#x448;&#x435;&#x43D;&#x438;&#x44F;&#x445; &#x43C;&#x435;&#x436;&#x434;&#x443; &#x424;&#x440;&#x430;&#x43D;&#x446;&#x438;&#x435;&#x439; &#x438; &#x420;&#x43E;&#x441;&#x441;&#x438;&#x435;&#x44E; &#x432; &#x446;&#x430;&#x440;&#x441;&#x442;&#x432;&#x43E;&#x432;&#x430;&#x43D;&#x438;&#x435; &#x41F;&#x435;&#x442;&#x440;&#x430; I, &#x441;&#x43E;&#x441;&#x442;&#x430;&#x432;&#x43B;&#x435;&#x43D;&#x43D;&#x43E;&#x435; &#x432; 1726 &#x433;. &#x41B;&#x435;&#x434;&#x440;&#x430;&#x43D;&#x43E;&#x43C; &#x441;&#x442;&#x430;&#x440;&#x448;&#x438;&#x43C; &#x447;&#x438;&#x43D;&#x43E;&#x432;&#x43D;&#x438;&#x43A;&#x430;&#x43C; &#x414;&#x435;&#x43F;&#x430;&#x440;&#x442;&#x430;&#x43C;&#x435;&#x43D;&#x442;&#x430; &#x438;&#x43D;&#x43E;&#x441;&#x442;&#x440;&#x430;&#x43D;&#x43D;&#x44B;&#x445; &#x434;&#x435;&#x43B; 1719-1722</subfield>
    <subfield code="1">215##$a&#x421;. I-LXXXII</subfield>
    <subfield code="1">702#1$a&#x41B;&#x435;&#x434;&#x440;&#x430;&#x43D;$4220</subfield>
    <subfield code="1">702#0$a&#x41F;&#x435;&#x442;&#x440;$c&#x438;&#x43C;&#x43F;&#x435;&#x440;&#x430;&#x442;&#x43E;&#x440; &#x440;&#x43E;&#x441;&#x441;&#x438;&#x439;&#x441;&#x43A;&#x438;&#x439;$dI$f1672-1725$3RU\NLR\AUTH\778862$4570</subfield>
    <subfield code="t">&#x417;&#x430;&#x43F;&#x438;&#x441;&#x43A;&#x430; &#x43E; &#x441;&#x43D;&#x43E;&#x448;&#x435;&#x43D;&#x438;&#x44F;&#x445; &#x43C;&#x435;&#x436;&#x434;&#x443; &#x424;&#x440;&#x430;&#x43D;&#x446;&#x438;&#x435;&#x439; &#x438; &#x420;&#x43E;&#x441;&#x441;&#x438;&#x435;&#x44E; &#x432; &#x446;&#x430;&#x440;&#x441;&#x442;&#x432;&#x43E;&#x432;&#x430;&#x43D;&#x438;&#x435; &#x41F;&#x435;&#x442;&#x440;&#x430; I, &#x441;&#x43E;&#x441;&#x442;&#x430;&#x432;&#x43B;&#x435;&#x43D;&#x43D;&#x43E;&#x435; &#x432; 1726 &#x433;. &#x41B;&#x435;&#x434;&#x440;&#x430;&#x43D;&#x43E;&#x43C; &#x441;&#x442;&#x430;&#x440;&#x448;&#x438;&#x43C; &#x447;&#x438;&#x43D;&#x43E;&#x432;&#x43D;&#x438;&#x43A;&#x430;&#x43C; &#x414;&#x435;&#x43F;&#x430;&#x440;&#x442;&#x430;&#x43C;&#x435;&#x43D;&#x442;&#x430; &#x438;&#x43D;&#x43E;&#x441;&#x442;&#x440;&#x430;&#x43D;&#x43D;&#x44B;&#x445; &#x434;&#x435;&#x43B; 1719-1722</subfield>
  </datafield>
  <datafield tag="540" ind1="1" ind2="3">
    <subfield code="a">&#x414;&#x43E;&#x43D;&#x435;&#x441;&#x435;&#x43D;&#x438;&#x44F; &#x444;&#x440;&#x430;&#x43D;&#x446;&#x443;&#x437;&#x441;&#x43A;&#x43E;&#x433;&#x43E; &#x43A;&#x43E;&#x43D;&#x441;&#x443;&#x43B;&#x430; &#x432; &#x41F;&#x435;&#x442;&#x435;&#x440;&#x431;&#x443;&#x440;&#x433;&#x435; &#x41B;&#x430;&#x432;&#x438; &#x438; &#x43F;&#x43E;&#x43B;&#x43D;&#x43E;&#x43C;&#x43E;&#x447;&#x43D;&#x43E;&#x433;&#x43E; &#x43C;&#x438;&#x43D;&#x438;&#x441;&#x442;&#x440;&#x430; &#x43F;&#x440;&#x438; &#x440;&#x443;&#x441;&#x441;&#x43A;&#x43E;&#x43C; &#x434;&#x432;&#x43E;&#x440;&#x435; &#x41A;&#x430;&#x43C;&#x43F;&#x440;&#x435;&#x434;&#x43E;&#x43D;&#x430; &#x441; 1719 &#x43F;&#x43E; 1722 &#x433;.</subfield>
  </datafield>
  <datafield tag="702" ind1=" " ind2="1">
    <subfield code="a">&#x41B;&#x430;&#x432;&#x438;</subfield>
    <subfield code="4">570</subfield>
  </datafield>
  <datafield tag="702" ind1=" " ind2="1">
    <subfield code="a">&#x41A;&#x430;&#x43C;&#x43F;&#x440;&#x435;&#x434;&#x43E;&#x43D;</subfield>
    <subfield code="4">570</subfield>
  </datafield>
  <datafield tag="801" ind1=" " ind2="0">
    <subfield code="a">RU</subfield>
    <subfield code="b">NLR</subfield>
    <subfield code="c">20060306</subfield>
    <subfield code="g">psbo</subfield>
  </datafield>
  <datafield tag="801" ind1=" " ind2="1">
    <subfield code="a">RU</subfield>
    <subfield code="b">ProSoft-M</subfield>
    <subfield code="c">20060306</subfield>
    <subfield code="2">rusmarc</subfield>
  </datafield>
  <datafield tag="801" ind1=" " ind2="2">
    <subfield code="a">RU</subfield>
    <subfield code="b">NLR</subfield>
    <subfield code="c">20060316</subfield>
    <subfield code="2">rusmarc</subfield>
  </datafield>
  <datafield tag="852" ind1=" " ind2=" ">
    <subfield code="a">NLR</subfield>
    <subfield code="j">1/377</subfield>
  </datafield>
  <datafield tag="942" ind1=" " ind2=" ">
    <subfield code="c">BOOK</subfield>
  </datafield>
  <datafield tag="980" ind1=" " ind2=" ">
    <subfield code="a">NB</subfield>
  </datafield>
  <datafield tag="995" ind1=" " ind2=" ">
    <subfield code="5">2013-10-26</subfield>
    <subfield code="b">NLR01</subfield>
    <subfield code="c">NLR01</subfield>
    <subfield code="e">RJFS</subfield>
    <subfield code="f">5187965-10</subfield>
    <subfield code="k">1/377</subfield>
    <subfield code="o">0</subfield>
    <subfield code="r">BOOK</subfield>
    <subfield code="s">1377_</subfield>
  </datafield>
</record>
